Investment appraisal for managers (Record no. 231265)
[ view plain ]
| 000 -LEADER | |
|---|---|
| fixed length control field | 00375nam a2200157Ia 4500 |
| 008 - FIXED-LENGTH DATA ELEMENTS--GENERAL INFORMATION | |
| fixed length control field | 230917s9999||||xx |||||||||||||| ||und|| |
| 020 ## - ISBN | |
| Price | POU15 |
| 040 ## - CATALOGING SOURCE | |
| -- | 7073 |
| Original cataloging agency | VIVEKANANDA LIBRARY |
| 041 ## - Language | |
| -- | English |
| 082 ## - DDC NUMBER | |
| Classification number | 658.1511 M858I |
| 100 ## - MAIN ENTRY--PERSONAL NAME | |
| Personal name | Mott, Graham |
| 245 #0 - TITLE STATEMENT | |
| Title | Investment appraisal for managers |
| 260 ## - PUBLICATION, DISTRIBUTION, ETC. (IMPRINT) | |
| Place of publication, distribution, etc | London |
| Name of publisher, distributor, etc | MacMillan |
| Date of publication, distribution, etc | 1982 |
| 300 ## - PHYSICAL DESCRIPTION | |
| Pages | 156 p. |
| 942 ## - ADDED ENTRY ELEMENTS (KOHA) | |
| Koha item type | Books |
| Withdrawn status | Lost status | Damaged status | Not for loan | Location (home branch) | Sublocation or collection (holding branch) | Date acquired | Koha issues (times borrowed) | Koha full call number | Accession No. | Koha date last seen | Koha item type |
|---|---|---|---|---|---|---|---|---|---|---|---|
| VIVEKANANDA LIBRARY | VIVEKANANDA LIBRARY | 28/08/2002 | 658.1511 M858I | 99684 | 17/09/2023 | Books |
